000
00273nam a2200109Ia 4500
008
230907s9999||||xx |||||||||||||| ||und||
082
_a
621.3
_b
,KIM
245
0
_a
Power Systems stability /
260
_a
Wiley,
_b
New Delhi :
_c
2004
300
_a
Vol. II: 322 p.
942
_c
BK
999
_c
598206
_d
598206